Supreme Court Criminal Appeal No. 16 OF 2002 Byabagambi Gabriel Vs Uganda (Record no. 2890)
[ view plain ]
| 000 -LEADER | |
|---|---|
| fixed length control field | 00591nam a22001217a 4500 |
| 008 - FIXED-LENGTH DATA ELEMENTS--GENERAL INFORMATION | |
| fixed length control field | 110614t xxu||||| |||| 00| 0 eng d |
| 010 ## - LIBRARY OF CONGRESS CONTROL NUMBER | |
| LC control number | SCCAF21 |
| 245 ## - TITLE STATEMENT | |
| Title | Supreme Court Criminal Appeal No. 16 OF 2002 Byabagambi Gabriel Vs Uganda |
| 260 ## - PUBLICATION, DISTRIBUTION, ETC. (IMPRINT) | |
| Date of publication, distribution, etc | 2002 |
| 500 ## - GENERAL NOTE | |
| General note | Coram; Odoki, CJ, Oder, Tsekooko, Karokora and Mulenga, JSC |
| 500 ## - GENERAL NOTE | |
| General note | Appeal from the decision of the Court of Appeal at Kampala Kato, Engwau and Twinomujuni, JJ.A dated 26th April, 2002 in Criminal Appeal No. 71 of 2001 |
| Withdrawn status | Lost status | Source of classification or shelving scheme | Damaged status | Koha normalized classification for sorting | Not for loan | Location (home branch) | Sublocation or collection (holding branch) | Shelving location | Date acquired | Koha issues (times borrowed) | Koha full call number | Piece designation (barcode) | Koha date last seen | Price effective from | Koha item type |
|---|---|---|---|---|---|---|---|---|---|---|---|---|---|---|---|
| Dewey Decimal Classification | SCCA_F_21 | Law Development Centre Main Library | Law Development Centre Main Library | Law Reports | 06/14/2011 | SCCA F_21 | 16/2002/01 | 06/14/2011 | 06/14/2011 | Un Reported Cases |
